100 Largest US Cities - M - Statistics

General Stats
  • This quiz has been taken 360 times
  • The average score is 32 of 100
Answer Stats
Rank Population City % Correct
5 439,012 Minneapolis, MN
94%
54 53,797 Madison, AL
89%
6 263,332 Madison, WI
89%
1 651,011 Memphis, TN
89%
4 478,251 Miami, FL
87%
2 587,721 Milwaukee, WI
87%
3 538,146 Mesa, AZ
82%
10 197,777 Montgomery, AL
79%
20 113,035 Manchester, NH
78%
11 186,542 Mobile, AL
73%
14 153,671 Macon, GA
62%
8 216,810 Modesto, CA
62%
71 41,511 Midland, MI
59%
13 153,768 Midland, TX
59%
66 46,266 Monroe, LA
57%
88 35,790 Monroe, NC
57%
26 87,039 Miami Beach, FL
55%
12 157,816 Murfreesboro, TN
54%
33 76,784 Missoula, MT
52%
15 144,744 McAllen, TX
49%
7 221,387 Moreno Valley, CA
48%
50 56,915 Medford, MA
45%
30 84,550 Medford, OR
45%
18 129,555 Meridian, ID
44%
95 34,835 Meridian, MS
44%
17 137,771 Mesquite, TX
43%
31 83,881 Melbourne, FL
42%
16 142,445 Miramar, FL
41%
9 214,035 McKinney, TX
40%
21 107,715 Miami Gardens, FL
40%
39 66,725 Mount Vernon, NY
39%
83 36,722 Mount Vernon, WA
39%
97 34,450 Mason, OH
38%
67 45,912 Middletown, CT
37%
60 48,737 Middletown, OH
37%
77 40,327 Milton, GA
35%
28 85,077 Mission, TX
34%
41 63,261 Moore, OK
34%
34 76,703 Missouri City, TX
33%
19 119,239 Murrieta, CA
32%
73 41,137 Marion, IA
31%
91 35,267 Marion, OH
31%
43 61,307 Marietta, GA
30%
29 84,802 Merced, CA
30%
53 53,846 Manhattan, KS
29%
65 46,721 Mansfield, OH
29%
35 75,665 Mansfield, TX
29%
37 71,682 Marysville, WA
29%
38 67,767 Muncie, IN
29%
52 54,426 Minnetonka, MN
28%
23 95,314 Mount Pleasant, SC
28%
85 36,459 Myrtle Beach, SC
28%
24 93,293 Mission Viejo, CA
26%
55 53,289 Milford, CT
24%
61 48,491 Murray, UT
24%
64 47,236 Minot, ND
22%
47 59,053 Meriden, CT
21%
32 81,881 Mountain View, CA
21%
87 35,809 Monrovia, CA
20%
92 35,109 Muskegon, MI
20%
22 99,770 Menifee, CA
19%
74 40,936 Moline, IL
19%
27 85,878 Manteca, CA
18%
69 43,629 Mankato, MN
17%
45 59,940 Malden, MA
16%
51 56,325 Maricopa, AZ
16%
25 92,172 Milpitas, CA
16%
72 41,163 Manassas, VA
15%
36 74,444 Maple Grove, MN
15%
76 40,600 Mooresville, NC
15%
79 39,359 Marlborough, MA
14%
81 38,079 Martinez, CA
14%
63 47,398 Mentor, OH
14%
49 57,849 Midwest City, OK
14%
75 40,825 Maplewood, MN
13%
89 35,427 McMinnville, OR
13%
98 34,140 Matthews, NC
12%
93 35,094 Menlo Park, CA
12%
70 41,601 Montclair, CA
12%
40 66,700 Madera, CA
11%
96 34,713 Manhattan Beach, CA
11%
82 38,054 Midlothian, TX
11%
68 44,198 Moorhead, MN
11%
44 60,982 Montebello, CA
10%
48 58,611 Monterey Park, CA
10%
57 52,925 Mount Prospect, IL
10%
100 32,533 Manitowoc, WI
9%
56 53,272 Marana, AZ
9%
46 59,398 Margate, FL
9%
94 34,884 Merrillville, IN
9%
59 50,988 Methuen, MA
9%
90 35,360 Midvale, UT
9%
58 51,469 Mishawaka, IN
9%
84 36,675 Muskogee, OK
9%
80 38,816 Menomonee Falls, WI
8%
42 62,230 Millcreek, UT
8%
99 32,866 Massillon, OH
7%
86 36,249 Moorpark, CA
7%
62 47,688 Morgan Hill, CA
7%
78 39,765 Mount Juliet, TN
5%
No matching quizzes found
Score Distribution
Percent of People with Each Score
Percentile by Number Answered
Your Score History
You have not taken this quiz